Music Quiz

Random Music or Artist Quiz

Top 10 Artists Each Year (1980s) Quiz Stats

 Plays Quiz Updated Feb 9, 2017

Challenge
Share
Tweet
Embed
Score 0/100 Timer 10:00
1 Play Today
Year Artist % Correct
1983Michael Jackson
91.9%
1987Michael Jackson
91.9%
1988Michael Jackson
91.9%
1986Janet Jackson
87.2%
1985Madonna
83.6%
1986Madonna
83.6%
1987Madonna
83.6%
1989Madonna
83.6%
1985Wham!
66.2%
1987George Michael
66.2%
1988George Michael
66.2%
1985Whitney Houston
60.7%
1986Whitney Houston
60.7%
1987Whitney Houston
60.7%
1988Whitney Houston
60.7%
1981Daryl Hall & John Oates
58.2%
1982Daryl Hall & John Oates
58.2%
1983Daryl Hall & John Oates
58.2%
1984Daryl Hall & John Oates
58.2%
1984Prince
54.6%
1983Duran Duran
51.3%
1984Duran Duran
51.3%
1985Duran Duran
51.3%
1980Paul McCartney
50.3%
1982Paul McCartney
50.3%
1983Paul McCartney
50.3%
1987U2
49.4%
1984Phil Collins
49%
1985Phil Collins
49%
1989Phil Collins
49%
1987Bon Jovi
48.1%
1989Bon Jovi
48.1%
1984Cyndi Lauper
47.1%
1983The Police
45.4%
Year Artist % Correct
1980Billy Joel
45.2%
1983Billy Joel
45.2%
1981Lionel Richie
44%
1983Lionel Richie
44%
1984Lionel Richie
44%
1986Lionel Richie
44%
1980Queen
43.5%
1987Genesis
42.9%
1981John Lennon
41.6%
1984Van Halen
39.7%
1980Blondie
35.3%
1981Blondie
35.3%
1983Culture Club
35.1%
1984Culture Club
35.1%
1980Diana Ross
32.6%
1981Diana Ross
32.6%
1989Paula Abdul
32%
1989New Kids on the Block
31.8%
1986Huey Lewis & The News
31.3%
1988Def Leppard
30.6%
1984Tina Turner
30.3%
1981Foreigner
29.9%
1982Chicago
29.1%
1988Chicago
29.1%
1986Bangles
28%
1989Bobby Brown
27.8%
1980Kenny Rogers
27%
1982Olivia Newton-John
26.7%
1985Bryan Adams
25.9%
1980Pink Floyd
25.4%
1988Debbie Gibson
25%
1981Juice Newton
24.9%
1987Heart
24.6%
1985Tears for Fears
24.6%
Year Artist % Correct
1983Men at Work
23.6%
1988INXS
23.6%
1987Whitesnake
23%
1982John Cougar
22.8%
1980Barbra Streisand
22.3%
1989Milli Vanilli
19.6%
1980Air Supply
19.6%
1981Air Supply
19.6%
1982Joan Jett & The Blackhearts
18.5%
1982The Human League
18.1%
1986Billy Ocean
17.7%
1981Kim Carnes
17.6%
1980Christopher Cross
17.1%
1988Rick Astley
17%
1988Gloria Estefan & Miami Sound Machine
16.5%
1988Richard Marx
15.7%
1989Richard Marx
15.7%
1982Survivor
15.4%
1985Simple Minds
15.3%
1986Robert Palmer
13.6%
1989Roxette
13.6%
1983Irene Cara
13.1%
1982The Steve Miller Band
12.5%
1986Peter Cetera
12.5%
1985USA for Africa
12.3%
1985Glenn Frey
12.3%
1982The J. Geils Band
11.7%
1984Ray Parker Jr.
11.2%
1989Fine Young Cannibals
10.7%
1987Lisa Lisa & Cult Jam
9.5%
1986Michael McDonald
8.7%
1981Eddie Rabbitt
8.5%

You're not logged in!

Compare scores with friends on all Sporcle quizzes.
OR
Log In

You Might Also Like...

Show Comments

Extras

Top Quizzes Today


Score Distribution

Your Account Isn't Verified!

In order to create a playlist on Sporcle, you need to verify the email address you used during registration. Go to your Sporcle Settings to finish the process.

Report this User

Report this user for behavior that violates our Community Guidelines.

Details: